000 00698nam a2200205Ia 4500
005 20260121110014.0
008 008 260114s9999 xx 000 0 hin d
020 _a9788132379362
037 _aEBOOK
040 _aCRL
_bhin
_cCRL
041 _ahin
_2hin
084 _qCRL
100 _aलोकदीप पाटिल / Lokdeep Patil
_9940891
245 0 _aपक्षी विज्ञान का सम्पूर्ण ज्ञान / Pakshi vigyaan ka sampoorn gyaan
260 _bभाषा प्रकाशन / Bhasha Prakashan
_c2022
856 _uhttps://bhashaprakashan.com/product-details/381083
942 _cEBOOK
999 _c1532556
_d1532556